| 000 | 00000nam##2200000za#4500 |
| 001 | 9.642176 |
| 003 | CaOODSP |
| 005 | 20250506145323 |
| 007 | cr ||||||||||| |
| 008 | 150407|1966||||xxc|||||o f|0| 0 fre|d |
| 040 | |aCaOODSP|bfre |
| 043 | |an-cn--- |
| 086 | 1 |aA53-843/1966F-PDF |
| 110 | 1 |aCanada.|bAgriculture Canada. |
| 245 | 10|aLes haricots de grande culture au Canada / |h[ressource électronique]|c[par] W.G. McGregor et V.R. Wallen. |
| 250 | |aRevisé |
| 260 | |aOttawa - Ontario : |bAgriculture Canada |c1966. |
| 300 | |a20p.|btableau, photographies |
| 500 | |aPublication historique numérisée par Agriculture et Agroalimentaire Canada. Éd. originale : 1950. |
| 590 | |a13-17-Supp|b2013-07-25 |
| 691 | 07|aCultures maraîchères|2gcpds |
| 691 | 07|aExploitation agricole|2gcpds |
| 691 | 07|aLégume|2gcpds |
| 775 | 08|tField beans in Canada / |w(CaOODSP)9.697810 |
| 856 | 40|ahttp://publications.gc.ca|qPDF|s1.35 Mo|uhttps://publications.gc.ca/collections/collection_2013/aac-aafc/agrhist/A53-843-1966-fra.pdf |
| 986 | |a843 |